| 000 | 00584 a2200265 4500 | ||
|---|---|---|---|
| 260 | _aParis | ||
| 630 | _a657 - Comptabilité | ||
| 037 | _b2, Achat | ||
| 650 | _a6 - SCIENCES APPLIQUEES | ||
| 100 | _aBorentin, Philippe | ||
| 700 | _aSopel, Daniel | ||
| 260 | _bDunod | ||
| 245 | _aNouveaux cas comptables | ||
| 300 | _a184 p. | ||
| 650 | _aComptabilité | ||
| 260 | _c1988 | ||
| 300 | _b27cm | ||
| 100 | _lFr | ||
| 440 | _aTechniques comptables supérieures | ||
| 037 | _aDe 4126 | ||
| 037 | _aDe 4127 | ||
| 020 | _a2-04-018948-3 | ||
| 999 |
_c42038 _d42038 |
||